Les entreprises françaises les plus riches - Statistiques

Statistiques générales
  • Ce quiz a été pris 193 fois
  • Le résultat moyen est 9 sur 10
Statistiques - réponses
Par images Réponse % Correct
Carrefour
99%
Renault
98%
Total
98%
Leclerc
97%
Louis Vuitton
95%
Crédit Agricole
94%
Bouygues Télécom
85%
BNP Paribas
81%
Société Générale
80%
Sanofi
31%
Aucun quiz correspondant
Distribution des résultats
% des personnes avec chaque résultat
Percentile par nombre de réponses
Votre historique - résultats
Vous n’avez pas pris ce quiz